Welcome to CU Library Online Public Access Catalogue (OPAC)

Policing in modern society / (Record no. 2470)

MARC details
000 -LEADER
fixed length control field 00916pam a2200253 a 4500
001 - CONTROL NUMBER
control field 2144786
005 - DATE AND TIME OF LATEST TRANSACTION
control field 20250108125505.0
008 - FIXED-LENGTH DATA ELEMENTS--GENERAL INFORMATION
fixed length control field 981015s1999 maua b 001 0 eng
020 ## - INTERNATIONAL STANDARD BOOK NUMBER
International Standard Book Number 0750698675 (pbk. :alk. paper)
050 00 - LIBRARY OF CONGRESS CALL NUMBER
Classification number HV7903
Item number .B47 1999
082 00 - DEWEY DECIMAL CLASSIFICATION NUMBER
Classification number 363.2/09
Edition information 21
100 1# - MAIN ENTRY--PERSONAL NAME
Personal name Berg, Bruce L.
Fuller form of name (Bruce Lawrence),
Dates associated with a name 1954-
245 10 - TITLE STATEMENT
Title Policing in modern society /
Statement of responsibility, etc. Bruce L. Berg.
260 ## - PUBLICATION, DISTRIBUTION, ETC.
Place of publication, distribution, etc. Boston, Mass. :
Name of publisher, distributor, etc. Butterworth Heinemann,
Date of publication, distribution, etc. c1999.
300 ## - PHYSICAL DESCRIPTION
Extent xii, 463 p. :
Other physical details ill. ;
Dimensions 24 cm.
650 #0 - SUBJECT ADDED ENTRY--TOPICAL TERM
Topical term or geographic name entry element Police
General subdivision History.
650 #0 - SUBJECT ADDED ENTRY--TOPICAL TERM
Topical term or geographic name entry element Law enforcement
General subdivision History.
650 #0 - SUBJECT ADDED ENTRY--TOPICAL TERM
Topical term or geographic name entry element Police administration
General subdivision History.
650 #0 - SUBJECT ADDED ENTRY--TOPICAL TERM
Topical term or geographic name entry element Criminal investigation
General subdivision History.
650 #0 - SUBJECT ADDED ENTRY--TOPICAL TERM
Topical term or geographic name entry element Social control
General subdivision History.
856 42 - ELECTRONIC LOCATION AND ACCESS
Materials specified Publisher description
Uniform Resource Identifier <a href="http://www.loc.gov/catdir/description/els033/98048869.html">http://www.loc.gov/catdir/description/els033/98048869.html</a>
856 41 - ELECTRONIC LOCATION AND ACCESS
Materials specified Table of contents
Uniform Resource Identifier <a href="http://www.loc.gov/catdir/toc/els032/98048869.html">http://www.loc.gov/catdir/toc/els032/98048869.html</a>
942 ## - ADDED ENTRY ELEMENTS (KOHA)
Source of classification or shelving scheme Library of Congress Classification
Koha item type Books
Suppress in OPAC No
999 ## -
-- 2470
-- 2470
Holdings
Withdrawn status Lost status Source of classification or shelving scheme Damaged status Not for loan Collection Home library Current library Shelving location Date acquired Total checkouts Full call number Barcode Date last seen Copy number Price effective from Koha item type
    Library of Congress Classification     Non-fiction Undergraduate Library (Christ Temple) Undergraduate Library (Christ Temple) General stacks 01/08/2025   HV7903.B47 BER ulct00000752 01/08/2025 1 01/08/2025 Books
© 2023-2024 Copyright: Central University Libraries. All Rights Reserved | Created by: Mahone Tech Office